Missing Word: Loco-Songs Quiz Stats

 Plays Quiz Updated Jul 16, 2017

Support Sporcle.
Go Orange.
Score 0/22 Timer 04:00
0 Plays Today
Title Missing Word % Correct
Rock 'N ____ TrainRoll
87.7%
Midnight Train to ____Georgia
83.6%
Boogie ____ Choo Choo TrainWoogie
79.2%
This Train Don't ____ There AnymoreStop
72.9%
Let the Train ____ BlowWhistle
71.4%
Right Track ____ TrainWrong
68.7%
Hear My Train A ____Comin'
66.6%
____ TrainCrazy
60.2%
____ the 'A' TrainTake
57%
____ Train Out of my HeartLast
54.6%
C'Mon N' ____ It (The Train)Ride
46.2%
Title Missing Word % Correct
___ Black TrainLong
45.9%
____ TrainPeace
41.5%
____ TrainLove
41%
____ TrainRunaway
31.3%
Shut ____ TrainUp
29.7%
Long Train ____Running
29.7%
Train In ____Vain
26.9%
____ Train HomeFirst
26.6%
Another ____ By TrainJourney
14.5%
____ Train SongBlack
12.7%
____ TrainDowntown
9.9%

Today's Daily Dose

You're not logged in!

Compare scores with friends on all Sporcle quizzes.
OR
Log In
Forgot?

From the Vault

Click a Carnivoran

by tallsaul

Make sure to watch out for those teeth.
Remove Ads.
Support Sporcle.
Get the best of Sporcle when you Go Orange. This ad-free experience offers more features, more stats, and more fun while also helping to support Sporcle. Thank you for becoming a member.

Show Comments

Extras

Top Quizzes Today


Score Distribution

Your Account Isn't Verified!

In order to create a playlist on Sporcle, you need to verify the email address you used during registration. Go to your Sporcle Settings to finish the process.

Report this User

Report this user for behavior that violates our Community Guidelines.

Details: